[Event "BRA-ch 87th"]
[Site "Cuiaba"]
[Date "2021.11.01"]
[Round "7"]
[White "De Souza, Eliel Martins"]
[Black "Bocca, Edson Ricardo"]
[Result "0-1"]
[WhiteElo "1709"]
[BlackElo "1617"]
[PlyCount "100"]
[EventDate "2021.10.28"]
[EventType "swiss"]
[EventRounds "11"]
[EventCountry "BRA"]
[SourceTitle "CBM 205 Extra"]
[Source "ChessBase"]
[SourceDate "2022.01.31"]
[SourceVersion "1"]
[SourceVersionDate "2022.01.31"]
[SourceQuality "1"]

1. e4 e5 2. Nf3 Nc6 3. Bc4 d6 4. d4 Bg4 5. c3 Bxf3 6. Qxf3 Qf6 7. Qxf6 Nxf6 8. d5 Ne7 9. Bb5+ Nd7 10. 0-0 0-0-0 11. Be3 a6 12. Be2 f5 13. f3 f4 14. Bf2 g5 15. b4 h5 16. b5 a5 17. Nd2 Nf6 18. b6 c6 19. dxc6 Nxc6 20. Bb5 Nb8 21. Nc4 g4 22. Rfd1 Rg8 23. Kf1 Rg6 24. Bh4 Be7 25. Bxf6 Rxf6 26. Nxa5 gxf3 27. gxf3 Rg6 28. Nb3 Rdg8 29. Rd2 h4 30. Rad1 h3 31. Ke2 Rg2+ 32. Kd3 Rxd2+ 33. Nxd2 Rg2 34. Rh1 Bh4 35. a4 Bf2 36. a5 Kd8 37. Kc4 Bxb6 38. axb6 Rxd2 39. Rg1 Rg2 40. Rh1 Ke7 41. Kd5 Rd2+ 42. Kc4 Nd7 43. Bxd7 Kxd7 44. Kb5 Rb2+ 45. Kc4 Rf2 46. Kd5 Rxf3 47. Rg1 Rd3+ 48. Kc4 Rd2 49. Kb5 Rb2+ 50. Kc4 Kc6 0-1

[Event "Goiania Barbosa Nunes Cup 1st"]
[Site "Goiania"]
[Date "2021.10.15"]
[Round "1"]
[White "Bocca, Edson Ricardo"]
[Black "Diamant, Andre"]
[Result "0-1"]
[WhiteElo "1617"]
[BlackElo "2542"]
[PlyCount "48"]
[EventDate "2021.10.15"]
[EventType "swiss"]
[EventRounds "6"]
[EventCountry "BRA"]
[SourceTitle "EXT 2023"]
[Source "ChessBase"]
[SourceDate "2022.10.05"]
[SourceVersion "1"]
[SourceVersionDate "2022.10.05"]
[SourceQuality "1"]

1. e4 c5 2. Nf3 Nc6 3. Nc3 g6 4. Bb5 Bg7 5. 0-0 e5 6. d3 Nge7 7. Be3 Nd4 8. Bxd4 cxd4 9. Ne2 0-0 10. c4 d6 11. Ba4 f5 12. Nd2 Kh8 13. f4 Be6 14. fxe5 dxe5 15. Bb3 Bh6 16. Nf3 Nc6 17. Ng3 Be3+ 18. Kh1 f4 19. Ne2 g5 20. Ba4 h5 21. h4 g4 22. Bxc6 gxf3 23. Rxf3 bxc6 24. Qa4 Bg4 0-1

[Event "Jatai Goias op"]
[Site "Jatai"]
[Date "2021.08.08"]
[Round "6"]
[White "Bocca, Edson Ricardo"]
[Black "Da Cruz, Emerson"]
[Result "0-1"]
[WhiteElo "1631"]
[BlackElo "1589"]
[PlyCount "40"]
[EventDate "2021.08.06"]
[EventType "swiss"]
[EventRounds "6"]
[EventCountry "BRA"]
[SourceTitle "EXT 2022"]
[Source "ChessBase"]
[SourceDate "2021.10.06"]
[SourceVersion "1"]
[SourceVersionDate "2021.10.06"]
[SourceQuality "1"]

1. e4 c5 2. Nf3 Nc6 3. Bc4 Nf6 4. Nc3 e6 5. 0-0 Be7 6. a3 0-0 7. d3 d5 8. exd5 exd5 9. Bb5 h6 10. h3 Bd6 11. Bxc6 bxc6 12. Re1 Qc7 13. Bd2 Nh7 14. Kh1 f5 15. Rg1 Nf6 16. Qc1 Ng4 17. hxg4 fxg4 18. Nh4 Qe7 19. g3 Rxf2 20. Qe1 Qxh4+ 0-1

[Event "Jatai Goias op"]
[Site "Jatai"]
[Date "2021.08.07"]
[Round "4"]
[White "Freitas, Mauricio Mathioli"]
[Black "Bocca, Edson Ricardo"]
[Result "0-1"]
[WhiteElo "1418"]
[BlackElo "1631"]
[PlyCount "100"]
[EventDate "2021.08.06"]
[EventType "swiss"]
[EventRounds "6"]
[EventCountry "BRA"]
[SourceTitle "EXT 2022"]
[Source "ChessBase"]
[SourceDate "2021.10.06"]
[SourceVersion "1"]
[SourceVersionDate "2021.10.06"]
[SourceQuality "1"]

1. Nf3 Nc6 2. c4 e6 3. Nc3 Nf6 4. g3 Be7 5. Bg2 0-0 6. 0-0 d6 7. d4 h6 8. e3 d5 9. cxd5 Nxd5 10. Nxd5 exd5 11. Bd2 Be6 12. Qc2 Qd7 13. a3 Bd6 14. Bc3 Ne7 15. Nd2 Bh3 16. e4 Bxg2 17. Kxg2 dxe4 18. Qxe4 Qc6 19. Rfe1 Rae8 20. Nf3 Nd5 21. Ne5 Bxe5 22. dxe5 Re6 23. Bd2 Ne7 24. Rac1 Qxe4+ 25. Rxe4 c6 26. Bb4 Re8 27. Bxe7 R8xe7 28. f4 Rd7 29. Rc2 f6 30. Kf3 Rd3+ 31. Ke2 Rd5 32. Ke3 fxe5 33. fxe5 Rdxe5 34. Rxe5 Rxe5+ 35. Kf4 Rd5 36. Ke4 Kf7 37. a4 Ke6 38. b4 Re5+ 39. Kf3 h5 40. h3 g5 41. b5 cxb5 42. Rc7 bxa4 43. Rxb7 Ra5 44. Rb2 a3 45. Ra2 Kd5 46. g4 h4 47. Ke3 Kc4 48. Kd2 Kb3 49. Ra1 Kb2 50. Rc1 Rd5+ 0-1

[Event "Florianopolis op 6th"]
[Site "Florianopolis"]
[Date "2020.01.22"]
[Round "4"]
[White "Borges, Leonardo Hisao Hera"]
[Black "Bocca, Edson Ricardo"]
[Result "0-1"]
[WhiteElo "1890"]
[BlackElo "1620"]
[PlyCount "62"]
[EventDate "2020.01.20"]
[EventType "swiss"]
[EventRounds "10"]
[EventCountry "BRA"]
[SourceTitle "CBM 194 Extra"]
[Source "ChessBase"]
[SourceDate "2020.03.31"]
[SourceVersion "1"]
[SourceVersionDate "2020.03.31"]
[SourceQuality "1"]

1. Nf3 Nc6 2. d4 d5 3. g3 Nf6 4. Bg2 Bf5 5. a3 e6 6. 0-0 Be7 7. Nbd2 0-0 8. b3 Ne4 9. Bb2 h5 10. e3 Bg4 11. c4 h4 12. cxd5 exd5 13. Rc1 Qd7 14. b4 hxg3 15. hxg3 Qf5 16. Qc2 Bd6 17. Nxe4 Qxe4 18. Qxe4 dxe4 19. Nd2 f5 20. Nc4 Ne7 21. Nxd6 cxd6 22. Rc7 Nd5 23. Rxb7 Rfc8 24. Rd7 Rc6 25. Rb1 a6 26. Bf1 Kh7 27. b5 axb5 28. Bxb5 Rb6 29. a4 Kg6 30. Ba3 Bf3 31. Rc1 Rh8 0-1

[Event "Florianopolis op 6th"]
[Site "Florianopolis"]
[Date "2020.01.21"]
[Round "2"]
[White "Barbosa, Flavio Novais"]
[Black "Bocca, Edson Ricardo"]
[Result "1-0"]
[WhiteElo "1885"]
[BlackElo "1620"]
[PlyCount "66"]
[EventDate "2020.01.20"]
[EventType "swiss"]
[EventRounds "10"]
[EventCountry "BRA"]
[SourceTitle "CBM 194 Extra"]
[Source "ChessBase"]
[SourceDate "2020.03.31"]
[SourceVersion "1"]
[SourceVersionDate "2020.03.31"]
[SourceQuality "1"]

1. d4 d5 2. c4 Nf6 3. Nf3 e6 4. g3 Bb4+ 5. Bd2 Bxd2+ 6. Nbxd2 0-0 7. Bg2 Nc6 8. 0-0 h6 9. Qc2 dxc4 10. e3 Ne7 11. Nxc4 c6 12. b4 Ned5 13. Rab1 Nb6 14. Nce5 Nbd7 15. Nd3 Nd5 16. Rfc1 a6 17. Nd2 h5 18. Nc4 h4 19. Qe2 Qg5 20. Nd2 Qe7 21. Nc4 Qg5 22. Nc5 hxg3 23. hxg3 g6 24. Nd6 Nxc5 25. bxc5 Rb8 26. Rb3 Qe7 27. Rcb1 b5 28. e4 Nf6 29. e5 Nd5 30. Qg4 Bd7 31. Rf3 Be8 32. Re1 a5 33. Re4 Kg7 1-0

[Event "BRA-ch Amateur U1800"]
[Site "Sao Paulo"]
[Date "2019.06.20"]
[Round "2"]
[White "Bocca, Edson Ricardo"]
[Black "Da Cunha, Gabriela Goes"]
[Result "1/2-1/2"]
[WhiteElo "1645"]
[BlackElo "1457"]
[PlyCount "72"]
[EventDate "2019.06.20"]
[EventType "swiss"]
[EventRounds "7"]
[EventCountry "BRA"]
[SourceTitle "CBM 195 Extra"]
[Source "ChessBase"]
[SourceDate "2020.05.31"]
[SourceVersion "1"]
[SourceVersionDate "2020.05.31"]
[SourceQuality "1"]

1. e4 c5 2. Nf3 d6 3. Nc3 Nc6 4. Bb5 Bd7 5. 0-0 a6 6. Bxc6 Bxc6 7. d3 Nf6 8. Re1 e5 9. Bg5 Be7 10. Qe2 0-0 11. h3 d5 12. exd5 Nxd5 13. Bxe7 Nxc3 14. Bxd8 Nxe2+ 15. Rxe2 Bxf3 16. gxf3 Rfxd8 17. Rae1 Rac8 18. Re4 h6 19. f4 Rd4 20. Kg2 Rxe4 21. Rxe4 Rc7 22. Kf3 Kh7 23. b3 Kg6 24. a4 b5 25. axb5 axb5 26. Rxe5 Rc6 27. b4 cxb4 28. Rxb5 Rxc2 29. Rxb4 Rd2 30. Rd4 Rd1 31. Rd7 Re1 32. Kg3 Kf6 33. Kf3 Kg6 34. Kg3 Kf6 35. Kf3 Kg6 36. Kg3 Kf6 1/2-1/2

[Event "Goiania Xeque Mate U2200 2nd"]
[Site "Goiania"]
[Date "2018.07.29"]
[Round "5.5"]
[White "Rosa, Paulo Estevao"]
[Black "Bocca, Edson Ricardo"]
[Result "1-0"]
[WhiteElo "1887"]
[BlackElo "1633"]
[PlyCount "75"]
[EventDate "2018.07.28"]
[EventType "swiss"]
[EventRounds "5"]
[EventCountry "BRA"]
[SourceTitle "EXT 2022"]
[Source "ChessBase"]
[SourceDate "2021.10.06"]
[SourceVersion "1"]
[SourceVersionDate "2021.10.06"]
[SourceQuality "1"]

1. c4 Nf6 2. g3 e6 3. Bg2 Bc5 4. Nc3 c6 5. Nf3 0-0 6. 0-0 d6 7. d4 Bb6 8. Bg5 h6 9. Bf4 d5 10. c5 Bc7 11. Bxc7 Qxc7 12. b4 Nbd7 13. a4 e5 14. e3 e4 15. Nd2 Re8 16. b5 Nh7 17. Re1 f5 18. Qb3 Ndf6 19. a5 Be6 20. b6 Qd7 21. bxa7 Rxa7 22. Qb6 Rea8 23. Reb1 Qc8 24. Nb3 Nd7 25. Qb4 g5 26. Na4 g4 27. Nb6 Nxb6 28. cxb6 Ra6 29. Nc5 Ng5 30. Nxa6 Rxa6 31. Bf1 Ra8 32. a6 Qe8 33. Bg2 Qh5 34. axb7 Nf3+ 35. Bxf3 exf3 36. bxa8Q+ Kg7 37. Qe7+ Bf7 38. Qaf8+ 1-0

[Event "Goiania Xeque Mate U2200 2nd"]
[Site "Goiania"]
[Date "2018.07.28"]
[Round "2.6"]
[White "Ferraz, Michel Liah"]
[Black "Bocca, Edson Ricardo"]
[Result "1/2-1/2"]
[WhiteElo "1780"]
[BlackElo "1633"]
[PlyCount "98"]
[EventDate "2018.07.28"]
[EventType "swiss"]
[EventRounds "5"]
[EventCountry "BRA"]
[SourceTitle "EXT 2022"]
[Source "ChessBase"]
[SourceDate "2021.10.06"]
[SourceVersion "1"]
[SourceVersionDate "2021.10.06"]
[SourceQuality "1"]

1. d4 Nf6 2. c4 e6 3. Nc3 Be7 4. Nf3 b6 5. Bg5 Bb7 6. e3 h6 7. Bh4 d6 8. Be2 Ne4 9. Bxe7 Qxe7 10. Qc2 Nxc3 11. bxc3 Nd7 12. 0-0 Nf6 13. Rfe1 Be4 14. Qb3 0-0 15. Nd2 Bb7 16. Rac1 c5 17. a4 Rab8 18. Bd3 Qd7 19. Qa2 Qc6 20. Nf3 Qc7 21. e4 Qe7 22. d5 e5 23. a5 Bc8 24. axb6 Rxb6 25. Rb1 Bg4 26. Rxb6 axb6 27. Nd2 Qb7 28. Rb1 Nd7 29. Qb2 Ra8 30. Nb3 f6 31. f3 Bh5 32. Kf2 Ra6 33. Ra1 Qa7 34. g3 Be8 35. Bf1 Nf8 36. Bh3 Bd7 37. Bxd7 Nxd7 38. h4 Kf7 39. Ke3 g6 40. g4 g5 41. hxg5 fxg5 42. Kd3 Rxa1 43. Nxa1 Nf8 44. Nc2 Ng6 45. Ne3 Nh4 46. Ke2 Qa6 47. Qb3 Ke7 48. Nf5+ Nxf5 49. exf5 Kf6 1/2-1/2

[Event "Goiania-ch U2200"]
[Site "Goiania"]
[Date "2017.12.02"]
[Round "7.2"]
[White "Juliani, Sidney"]
[Black "Bocca, Edson Ricardo"]
[Result "1-0"]
[WhiteElo "1836"]
[BlackElo "1664"]
[PlyCount "93"]
[EventDate "2017.11.25"]
[EventType "tourn"]
[EventRounds "9"]
[EventCountry "BRA"]
[SourceTitle "EXT 2022"]
[Source "ChessBase"]
[SourceDate "2021.10.06"]
[SourceVersion "1"]
[SourceVersionDate "2021.10.06"]
[SourceQuality "1"]

1. e4 e5 2. Bc4 d6 3. Nf3 Bg4 4. 0-0 Qf6 5. d3 Bxf3 6. gxf3 g5 7. Be3 Ne7 8. Nc3 c6 9. Kh1 Ng6 10. Rg1 h6 11. Rg3 Be7 12. Qf1 Nd7 13. b4 Ndf8 14. Ne2 Ne6 15. Bxe6 fxe6 16. c3 a6 17. a4 Kd7 18. d4 Kc7 19. dxe5 dxe5 20. a5 Rac8 21. Rg1 Nf4 22. Nxf4 gxf4 23. Bb6+ Kb8 24. Rg2 Rhg8 25. Qg1 Qf7 26. Rd1 Rxg2 27. Qxg2 Rg8 28. Qh3 Qg6 29. Qf1 Kc8 30. Qh3 Bd8 31. Bxd8 Rxd8 32. Rxd8+ Kxd8 33. Qg4 Qf7 34. Qh4+ Kc7 35. Qxh6 Qe7 36. Qh8 Kd6 37. Qb8+ Qc7 38. Qxc7+ Kxc7 39. h4 Kd6 40. Kg2 Ke7 41. Kh3 Kf6 42. Kg4 Kg6 43. c4 Kh6 44. h5 Kg7 45. Kg5 Kf7 46. h6 c5 47. bxc5 1-0